| 000 | 00000nam##2200000za#4500 |
| 001 | 9.698972 |
| 003 | CaOODSP |
| 005 | 20210625000154 |
| 007 | cr ||||||||||| |
| 008 | 150407|2008||||xxc|||||o f|0| 0 eng|d |
| 040 | |aCaOODSP|beng |
| 043 | |an-cn--- |
| 086 | 1 |aCH6-19/2008E-PDF |
| 110 | 1 |aCanada. |bCanadian Heritage. |
| 245 | 10|aCanadian Heritage internal audit of Exchanges Canada Program / |h[electronic resource]|c[issued by the] Office of the Chief Audit and Evaluation Executive, Assurance Services Directorate. |
| 260 | |aOttawa - Ontario : |bCanadian Heritage |cFebruary 2008. |
| 300 | |a16p.|btables |
| 590 | |a14-06-Supp|b2014-03-21 |
| 775 | 08|tPatrimoine canadien - vérification interne du programme Échanges Canada / |w(CaOODSP)9.642967 |
| 856 | 40|ahttp://publications.gc.ca|qPDF|s163 KB|uhttps://publications.gc.ca/collections/collection_2014/pc-ch/CH6-19-2008-eng.pdf |